Statistics for PSG - Top 10 Goalscorers by season

Click here to take the quiz!

General Stats

  • This quiz has been taken 401 times
  • The average score is 26 of 48

Answer Stats

Answer% Correct
Kylian Mbappé
100%
Neymar
99%
Achraf Hakimi
97%
Lionel Messi
97%
Edinson Cavani
96%
Zlatan Ibrahimovic
93%
Angel Di Maria
91%
Marquinhos
88%
Marco Verratti
85%
Fabian Ruiz
79%
Carlos Soler
77%
Julian Draxler
77%
Mauro Icardi
73%
Thiago Silva
72%
Ezequiel Lavezzi
70%
Lucas Moura
70%
Idrissa Gueye
69%
Javier Pastore
68%
Sergio Ramos
68%
Blaise Matuidi
62%
Moise Kean
60%
Thomas Meunier
60%
Danilo Pereira
58%
Thiago Motta
58%
Eric Maxim Choupo-Moting
53%
Nene
49%
Pablo Sarabia
48%
Maxwell
45%
Adrien Rabiot
44%
Gregory van der Wiel
44%
Layvin Kurzawa
40%
Ander Herrera
39%
Hugo Ekitiké
39%
Alessandro Florenzi
37%
Jeremy Menez
36%
Alex
35%
Giovani Lo Celso
35%
Guillaume Hoarau
32%
Kevin Gameiro
32%
Christopher Nkunku
30%
Cristophe Jallet
29%
Clement Chantome
24%
Mamadou Sakho
22%
Yuri Berchiche
20%
Mathieu Bodmer
14%
Mohamed Sissoko
14%
Jean-Cristophe Bahebeck
10%
Tanguy Nianzou
5%

Score Distribution

Percentile by Number Answered

Percent of People with Each Score

Your Score History

You have not taken this quiz